| 000 | 00913nam a2200289 a 4500 | ||
|---|---|---|---|
| 003 | DO-SdBNP | ||
| 005 | 20220407085136.0 | ||
| 007 | ta | ||
| 008 | 220407e2021 dr ||||er|||| 000 j spa d | ||
| 020 | _a9789945099911 | ||
| 040 |
_aDO-SdBNP _bspa _cBNPHU |
||
| 082 | 4 |
_222 _bL951m |
|
| 245 |
_aLa mirada limpia / _cNadia Lugo |
||
| 260 |
_aSanto Domingo : _bLuna Insomne, _c2021 |
||
| 300 |
_a60 p. ; _c21 cm. |
||
| 490 |
_aCarta de Ruta _v01 |
||
| 490 | _anarrativa contemporánea ; | ||
| 500 | _aIncluye datos biográficos de la autora en la p. 60 | ||
| 590 | _aInventariado 2022 / MF | ||
| 650 | 4 |
_98943 _aRelatos _xRepública Dominicana |
|
| 650 | 4 |
_978652 _aNarración _vHistoria _zRepública Dominicana |
|
| 650 | 4 |
_923880 _aLiteratura Narrativa _zRepública Dominicana |
|
| 830 |
_aCarta de Ruta; _lspa _n01 _981424 |
||
| 830 |
_anarrtia contemporánea _981425 |
||
| 910 | _aMFeliz | ||
| 942 |
_2ddc _cLBS1 |
||
| 999 |
_c51481 _d51481 |
||